| 000 | 00615nam a2200205 i 4500 | ||
|---|---|---|---|
| 001 | 100401 | ||
| 003 | ES-MaACL | ||
| 007 | t| | ||
| 008 | 050928s1953 sp ||||1| spa d | ||
| 100 | 1 |
_aMasci, Bernardino. _978689 |
|
| 245 | 1 | 0 |
_aAl servicio de la vida humana / _cBernardino Masci; [versión española de Aleramo Spada]. |
| 250 | _a[1ª ed.]. | ||
| 260 |
_aBarcelona : _bLuis de Caralt, _c1953. |
||
| 300 |
_a367 p. ; _c19 cm. |
||
| 490 | 1 | _aCultura médica | |
| 700 | 1 |
_aSpada, Aleramo. _9107617 |
|
| 830 | 0 |
_aCultura médica _9183701 |
|
| 852 |
_aES-MaACL _jC-6080 _bR.34898 |
||
| 999 |
_c100401 _d100401 |
||